000 00422 a2200157 4500
001 149553
040 _cEscola São Tomás de Aquino
100 _aBELINKY, Tatiana
240 1 0 _aOgro
_lpor
245 1 0 _aOgro
300 _a30
362 0 _a2001
440 1 _aSaraiva
697 _aHistórias de bruxas, centauros, fadas, duendes, deuses, sereias, ogres, vampiros, feiticeiros, mágicos
942 _cBK
999 _c149553
_d149553